| 000 | 00443nam a2200181Ia 4500 | ||
|---|---|---|---|
| 005 | 20250423100525.0 | ||
| 008 | 250422s9999 xx 000 0 und d | ||
| 020 | _a0-03-049486-9 | ||
| 050 | _aQC 21.2 .M3643/ | ||
| 100 | _aMarion, Jerry B. | ||
| 245 | 0 | _aPhysics for science and engineering | |
| 260 | _aPhiladelphia | ||
| 260 | _bSaunders College Publishing | ||
| 260 | _c1982 | ||
| 300 | _a743 p | ||
| 650 | _aPhysics | ||
| 942 | _cBK | ||
| 999 |
_c33566 _d33566 |
||